LEADER 00811nam a2200229 i 4500 001 000000084602 003 CaOOAMICUS 005 20111116000000.0 008 111116s1950 xx u000 u und u 013 $a56842 040 $aSeMil$bita 100 1 $aFanfani, Amintore,$d<1908-1999>.$0(OLS)http://semarc/name/5491 245 10$aColloqui sui poveri /$cAmintore Fanfani. 250 $a5. ed. 260 $aMilano :$bVita e Pensiero,$c1950. 300 $a186 p. ;$c18 cm. 650 4$aPovertŕ.$0(OLS)http://semarc/subject/9084 850 $aSeMil 852 $aSeMil$W1$xVenegono$y1$m3N I 672$j48844$B48844$CSeMilBibl$Z2$F52201 $81 961 $aOmaggio: Altro 996 $6245$aColloqui sui poveri$9(OLS)http://semarc/title/131266 996 $6260$aMilano :$bVita e Pensiero$9(OLS)http://semarc/publisher/29642 LEADER 01337nam a2200253 i 4500 001 000000092631 003 CaOOAMICUS 005 20221102144946.0 008 160129s1828 it u000 u ita u 013 $a64873 026 $alane ren- die, "d"p (3) 1828 (A) 040 $aSeMil$bita 100 1 $aRudoni, Pietro.$0(OLS)http://semarc/name/8357 245 10$aCenni sugli anni e le virtů del defunto monsignore Tommaso Ronna vescovo di Crema coll'aggiunta di alcune sue omelie recitate in Milano e in Crema. 260 $aMilano :$bCoi tipi di Giovanni Pirotta,$c1828. 300 $a121, [3] p. ;$c8°. 500 $aCiascuna omelia preceduta da occhietto. - Il nome dell'A., Pietro Rudoni, dalla dedica. 650 4$aBibbia. Antico Testamento. Giosuč - Commentari, studi, critica, interpretazioni.$0(OLS)http://semarc/subject/4841 700 1 $aRonna, Tommaso .$0(OLS)http://semarc/name/40706 850 $aSeMil 852 $aSeMil$W1$xVenegono$y1$m3H IV 115 FA$j55518$B55518$CSeMilBibl$Z2$F60232 $8I 996 $6245$aCenni sugli anni e le virtů del defunto monsignore Tommaso Ronna vescovo di Crema coll'aggiunta di alcune sue omelie recitate in Milano e in Crema$9(OLS)http://semarc/title/136725 996 $6260$aMilano :$bCoi tipi di Giovanni Pirotta$9(OLS)http://semarc/publisher/36545